Statistics for Longest Alphabetically Increasing Country Chain

Click here to take the quiz!

General Stats

  • This quiz has been taken 60 times
  • The average score is 7 of 9

Answer Stats

COUNTRY % Correct
Mali
83%
Burkina Faso
81%
Spain
81%
Cote d'Ivoire
81%
Mauritania
81%
United Kingdom
79%
Benin
79%
Guinea
79%
Morocco
77%

Score Distribution

Percentile by Number Answered

Percent of People with Each Score

Your Score History

You have not taken this quiz